Who's on top? : the politics of heterosexuality /

Bibliographic Details
Other Authors: Buchbinder, H. (Howard)
Format: Book
Language:English
Published: Toronto, Ont. : Garamond Press, [1987]
Series:Network basics book.
Subjects:

MARC

Tag First Indicator Second Indicator Subfields
LEADER 00000cam a2200000 a 4500
001 in00000016552
005 20151007052811.0
008 870929s1987 onc b 00000 eng d
015 |a C87-093720-0 
020 |a 0920059287 (pbk.) 
035 |a (OCoLC)16781748 
035 |9 AAA9242AM 
040 |a TOL  |c TOL  |d TXA  |d UtOrBLW 
049 |a TXAM  |c [A11031388] 
050 4 |a HQ1075  |b .W485 1987 
055 0 0 |a HQ1075  |b .W48 1987 
082 0 |a C305.3 
245 0 0 |a Who's on top? :  |b the politics of heterosexuality /  |c Howard Buchbinder [and others] ; introduction by Bert Young. 
264 1 |a Toronto, Ont. :  |b Garamond Press,  |c [1987] 
264 4 |c ©1987 
300 |a 119 pages ;  |c 23 cm. 
336 |a text  |b txt  |2 rdacontent 
337 |a unmediated  |b n  |2 rdamedia 
338 |a volume  |b nc  |2 rdacarrier 
490 1 |a A Network basics book 
504 |a Bibliography: pages [112]-119. 
650 0 |a Sexism. 
650 0 |a Sex role. 
650 0 |a Women and socialism. 
700 1 |a Buchbinder, H.  |q (Howard) 
830 0 |a Network basics book. 
999 |a MARS 
999 f f |s d3d74b93-2a29-374a-afa9-9b4a0de9d7bb  |i 9d931a24-fff5-337e-a886-d804604fc010  |t 0 
952 f f |p ric  |a Texas A&M University  |b Rellis Campus  |c Joint Library Facility  |d Remote Storage  |t 0  |e HQ1075 .W485 1987  |h Library of Congress classification  |i unmediated -- volume  |m A14811031388 
998 f f |a HQ1075 .W485 1987  |t 0  |l Remote Storage